000 00539nam a22001577a 4500
003 MPLRDC
005 20220104142805.0
008 210129b ||||| |||| 00| 0 eng d
082 _a051.4 P1SZ v.14 1982
100 _a霹雳怡保深斋中学应届校刊暨毕业刊编委会
245 _a怡保深斋中学高中第十三四初中第十三届校刊暨毕业刊
_c
260 _a
_b霹雳怡保深斋中学应届校刊暨毕业刊编委会
_c1982
300 _b
650 _a学术纪要、学刊
942 _cBK
_o051.4 P1SZ v.14 1982
999 _c33735
_d33725